000
00217nam a22000857a 4500
001
1236358
005
20251001163219.0
245
_a
ATTIM KAPAĞI YURTDIŞINA
_c
NİHAT ZİYALAN
260
_b
GÜNIŞIĞI KİTAPLIĞI YAYINLARI
999
_c
1236358
_d
1236358